000 00518ntaaa2200193 4500
003 01
005 20251027202517.0
008 0714s1973 ag 01
040 _aAR-BaBN
_bspa
_cAR-BaBN
_eaacr
_dRIC
082 _a227.8000 D37
100 _aDelitzch, Franz
_924037
245 _aCommentary on the Epistle of Hebrews
250 _a1 ed. :
_bEerdmans,
_c1952
300 _a2 volumes
500 _aTranslated from the German
650 _aBiblia-Nuevo Testamento-Hebreos
_94445
650 _aHebreos
_94609
942 _cBK
999 _c20116
_d20116